Every country in risk - Statistics

General Stats
  • This quiz has been taken 27 times
  • The average score is 16 of 42
Answers on the Map
Answers color-coded by a green-red scale on the quiz's map according to % correct below.
 
Answer Stats
Nordamerika % Correct
Greenland
83%
Iceland
71%
Brazil
67%
Peru
67%
Argentina
63%
India
63%
Indonesia
58%
Scandinavia
58%
Egypt
50%
Madagascar
50%
South Africa
50%
Venezuela
50%
Alaska
46%
China
46%
Great Britain
46%
East Africa
42%
Japan
42%
Southern Europe
42%
Congo
38%
Quebec
38%
Western Europe
38%
Eastern Australia
33%
Mongolia
33%
Ural
33%
Western Australia
33%
Siberia
29%
Alberta
25%
Middle East
25%
New Guinea
25%
North Africa
25%
Northern Europe
25%
Northwest Territory
25%
Ontario
25%
Ukraine
25%
Afghanistan
21%
Central America
17%
Eastern United States
17%
Kamchatka
17%
Western United States
17%
Irkutsk
13%
Siam
13%
Yakursk
0%
No matching quizzes found
Score Distribution
Percent of People with Each Score
Percentile by Number Answered
Your Score History
You have not taken this quiz